Movies Quiz

Random Movies or Box Office Quiz

Highest Grossing Films Over Three Hours Quiz Stats

Quiz Updated Nov 29, 2014

Challenge
Share
Tweet
Embed
Score 0/13 Timer 05:00
1 Play Today
Gross Film % Correct
$1.10 BillionTitanic
96.3%
$1.64 BillionGone with the Wind
90.1%
$501 MillionThe Lord of the Rings: The Return of the King
87.2%
$355 MillionDances with Wolves
67.6%
$795 MillionBen-Hur
64.6%
$228 MillionThe Godfather Part II
64%
$450 MillionLawrence of Arabia
63.9%
$1.06 BillionThe Ten Commandments
63.6%
$545 MillionCleopatra
61.1%
$1.01 BillionDoctor Zhivago
36.7%
$266 MillionPearl Harbor
36.6%
$264 MillionKing Kong
36.1%
$525 MillionAround the World in 80 Days
16.6%

You're not logged in!

Compare scores with friends on all Sporcle quizzes.
Sign Up with Email
OR
Log In

You Might Also Like...

Show Comments

Extras

Top Quizzes Today


Score Distribution

Your Account Isn't Verified!

In order to create a playlist on Sporcle, you need to verify the email address you used during registration. Go to your Sporcle Settings to finish the process.